1587 1868 1021 1325 1819 1698 1512 1298 1682 1272 1149 1100 1307 1152 1329 1267 1979 1928 1450 1948 1022 1297 1425 1076 1584 1121 1448 1335 1218 1909 1499 1463 1311 1479 1643 1030 1071 1200 1923 1604 1626 1239 1947 1830 1063 1712 1915 1040 1566 1988 1946 1874 1344 1513 1351 1773 1842 1051 1588 1953 1620 1213 1840 1761 1774 1614 1765 1737 1561 1376 1367 1890 1160 1997 1824 1399 1613 1979 1867 1859 1487 1360 1959 1362 1346 1433 1887 1922 1264 1795 1866 1531 1807 1933 1249 1314 1262 1990 1771 BCNSPRNW ULIB Ver.6.0+V

เปลี่ยนเป็นภาษาไทย

Change to English
 แสดงรายละเอียดบรรณานุกรม
  กลับหน้าหลัก

Brief Record : Get Marc (ISO 2709) : E-mail record : QR code < ปิดหน้าต่าง
LEADER : 00000nam 2200000uu 4500
001    13399111520
003     ULIB
008    110629s||||||||th 000 0 tha d
020    9786160000005
050  4 BQ4435^bท485ป 2552
100 0  ทิพากร รินไธสงค์
245 10 เปิดบุญ ปลดกรรมทำให้รวย /^cว.วชิรเมธี
250    พิมพ์ครั้งที่ 1
260    กรุงเทพฯ :^bสถาพรบุ๊คส์,^c2552
300    166 หน้า :^bภาพประกอบ
650  7 ทำบุญ
650  7 ปลดกรรม
945    ^p120^l0^i027471
995    ทศพร
999 ^a ใช้งานได้ทุกระบบ
รายการนี้ยังไม่มีแท็ก
คุณยังไม่ได้ล็อกอิน คุณสามารถมีกิจกรรมร่วมกับเว็บไซต์ได้ แต่ต้องล็อกอินก่อน ::
  ล็อกอิน

รายการสื่อสารสนเทศ

ลำดับที่ ประเภท เลขเรียก/บาร์โค้ด สถานที่ สถานะ
- ไม่พบข้อมูล -

รายการใกล้เคียง
    หัวเรื่อง [ทำบุญ]

BibComment


ยังไม่เคยถูกคอมเมนท์

คอมเมนท์ทรัพยากรรายการนี้
  คอมเมนท์: เปิดบุญ ปลดกรรมทำ..


 Copyright 2026. Bcnsprnw @Library